Michael Bay Films Quiz - Statistics

General Stats
  • This quiz has been taken 595 times
  • The average score is 7 of 17
Answer Stats
Year Leading Role(s) ​Film % Correct
2007 Shia LaBeouf Transformers
97%
1995 Martin Lawrence, Will Smith Bad Boys
81%
2003 Martin Lawrence, Will Smith Bad Boys II
77%
1996 Sean Connery The Rock
65%
2009 Shia LaBeouf Transformers: Revenge of the Fallen
64%
1998 Bruce Willis Armageddon
63%
2011 Shia LaBeouf Transformers: Dark of the Moon
61%
2001 Ben Affleck Pearl Harbor
50%
2005 Ewan McGregor The Island
47%
2010 Jackie Earle Haley A Nightmare on Elm Street
24%
2011 Alex Pettyfer I Am Number Four
21%
2009 Jared Padalecki Friday The 13th
19%
2003 Jessica Biel The Texas Chainsaw Massacre
19%
2005 Ryan Reynolds The Amityville Horror
12%
2006 Jordana Brewster The Texas Chainsaw Massacre: The Beginning
9%
2007 Sean Bush The Hitcher
8%
2009 Odette Yustman, Gary Oldman The Unborn
8%
No matching quizzes found
Score Distribution
Percent of People with Each Score
Percentile by Number Answered
Your Score History
You have not taken this quiz